MARC details
| 000 -CABECERA |
| campo de control de longitud fija |
01750nam a2200253 a 4500 |
| 001 - NÚMERO DE CONTROL |
| campo de control |
000000736 |
| 005 - FECHA Y HORA DE LA ÚLTIMA TRANSACCIÓN |
| campo de control |
20250621074003.0 |
| 008 - DATOS DE LONGITUD FIJA--INFORMACIÓN GENERAL |
| campo de control de longitud fija |
090429s2002 dr d 000 0 spa d |
| 020 ## - NÚMERO INTERNACIONAL ESTÁNDAR DEL LIBRO |
| Número Internacional Estándar del Libro |
9993480428 |
| 020 ## - NÚMERO INTERNACIONAL ESTÁNDAR DEL LIBRO |
| Número Internacional Estándar del Libro |
9789993480426 |
| 040 ## - FUENTE DE LA CATALOGACIÓN |
| Centro catalogador/agencia de origen |
DO-SdBNP |
| Lengua de catalogación |
spa |
| Centro/agencia transcriptor |
BNPHU |
| 082 ## - NÚMERO DE LA CLASIFICACIÓN DECIMAL DEWEY |
| Número de clasificación |
328.7293 |
| Número de documento/Ítem |
C965d |
| 100 1# - ENTRADA PRINCIPAL--NOMBRE DE PERSONA |
| Nombre de persona |
Cueto Villamán, Francisco |
| 9 (RLIN) |
2507 |
| 245 10 - MENCIÓN DE TÍTULO |
| Título |
Diputados y diputadas de República Dominicana : |
| Resto del título |
actitudes, valores y percepciones políticas / |
| Mención de responsabilidad, etc. |
Francisco Cueto Villamán ; Manuel Alcántara Sáez. |
| 260 ## - PUBLICACIÓN, DISTRIBUCIÓN, ETC. |
| Lugar de publicación, distribución, etc. |
Santo Domingo : |
| Nombre del editor, distribuidor, etc. |
Centro de Estudios Sociales P. Juan Montalvo, |
| Fecha de publicación, distribución, etc. |
2002. |
| 300 ## - DESCRIPCIÓN FÍSICA |
| Extensión |
112 p. : |
| Otras características físicas |
gráf. ; |
| Dimensiones |
23 cm. |
| 505 0# - NOTA DE CONTENIDO CON FORMATO |
| Título |
Presentación -- |
| Información miscelánea |
Capítulo 1.-- |
| Título |
Estructura de los datos -- |
| -- |
Ficha técnica -- |
| Información miscelánea |
Capítulo 2.-- |
| Título |
La Cámara de Diputados -- |
| -- |
Indicadores sociodemográficos -- |
| -- |
Capítulo 4.-- |
| -- |
Actitudes religiosas e identificación ideológica -- |
| -- |
Capítulo 5.-- |
| -- |
Socialización y profesionalización política -- |
| -- |
Capítulo 6.-- |
| -- |
Motivaciones y actitudes hacia la vida parlamentaria -- |
| Información miscelánea |
Capítulo 7.-- |
| Título |
Valoraciones y percepciones sobre la democracia -- |
| -- |
Capítulo 8.-- |
| -- |
Régimen político -- |
| Información miscelánea |
Capítulo 9.-- |
| Título |
Partidos y actividades parlamentarias -- |
| Información miscelánea |
Capítulo 10.-- |
| Título |
Problemas para la gobernabilidad democrática-- |
| Información miscelánea |
Capítulo 11.-- |
| Título |
Papel de Estado en la economía -- |
| -- |
Capítulo 12.-- |
| -- |
Fuerzas Armadas -- |
| Información miscelánea |
Capítulo 13.-- |
| Título |
Política internacional. |
| 590 ## - NOTA LOCAL (RLIN) |
| Nota local |
Inventariado, 2018/BT |
| 610 14 - PUNTO DE ACCESO ADICIONAL DE MATERIA--NOMBRE DE ENTIDAD CORPORATIVA |
| Nombre de entidad corporativa o nombre de jurisdicción como elemento de entrada |
REPÚBLICA DOMINICANA. |
| Unidad subordinada |
CONGRESO NACIONAL. |
| -- |
CÁMARA DE DIPUTADOS |
| Subdivisión de forma |
ESTADÍSTICAS |
| 9 (RLIN) |
2508 |
| 650 #4 - PUNTO DE ACCESO ADICIONAL DE MATERIA--TÉRMINO DE MATERIA |
| Término de materia o nombre geográfico como elemento de entrada |
Legisladores |
| Subdivisión geográfica |
República Dominicana |
| Subdivisión de forma |
ESTADÍSTICAS |
| 9 (RLIN) |
2509 |
| 651 #0 - PUNTO DE ACCESO ADICIONAL DE MATERIA--NOMBRE GEOGRÁFICO |
| Nombre geográfico |
República Dominicana |
| Subdivisión general |
Política y gobierno |
| 9 (RLIN) |
45 |
| 700 12 - PUNTO DE ACCESO ADICIONAL--NOMBRE DE PERSONA |
| Nombre de persona |
Alcántara Sáez, Manuel |
| 9 (RLIN) |
2510 |
| 910 ## - DATOS DE OPCIÓN DEL USUARIO (OCLC) |
| Datos de opción del usuario |
Validado. Control de calidad. MFF |